000 00574nam a2200217Ia 4500
003 OSt
005 20220928145619.0
006 a|||||r|||| 00| 0
007 ta
008 220927b |||||||| |||| 00| 0 eng d
024 _a81538
037 _cTextual
040 _aSDCL
_cSDCL
_beng
041 _2eng
_aeng
082 _aD65,1451691:4, L7
100 _aBerlin Howard M
_9513733
245 0 _aDecign of op - amp circuits, with experiments.
260 _c1977
942 _hD65,1451691:4, L7
_cTEXL
_2CC
999 _c834388
_d834388